[Event "CZE Extraliga 2019-20"]
[Site "Czech Republic"]
[Date "2019.10.12"]
[Round "1.4"]
[White "Plischki, Sebastian"]
[Black "Polak, Tomas"]
[Result "0-1"]
[WhiteElo "2391"]
[BlackElo "2527"]
[Annotator "RC"]
[PlyCount "74"]
[EventDate "2019.09.15"]
[EventType "team-tourn"]
[EventCountry "CZE"]
[SourceTitle "playchess.com"]
[Source "ChessBase"]
[SourceQuality "1"]
[TimeControl "40/5400+30:1800+30"]

1. c4 {[%emt 0:00:00]} b6 {[%emt 0:00:17]} 2. Nc3 {[%emt 0:00:45]} Bb7 {[%emt 0:00:05]} 3. e4 {[%emt 0:00:43]} e5 {[%emt 0:00:13]} 4. Nf3 {[%emt 0:00:57]} Nc6 {[%emt 0:00:13]} 5. Be2 {[%emt 0:02:40]} g6 {[%emt 0:07:57]} 6. d4 {[%emt 0:03:45]} exd4 {[%emt 0:02:01]} 7. Nxd4 {[%emt 0:00:20]} Bg7 {[%emt 0:00:34]} 8. Be3 {[%emt 0:03:52]} Nge7 {[%emt 0:04:39]} 9. O-O {[%emt 0:02:25]} O-O {[%emt 0:00:29]} 10. Nxc6 {[%emt 0:03:54]} Nxc6 {[%emt 0:02:21]} 11. Qd2 {[%emt 0:03:17]} d6 {[%emt 0:07:53]} 12. Bh6 {[%emt 0:04:07]} Bxh6 {[%emt 0:09:54]} 13. Qxh6 {[%emt 0:00:08]} Nd4 {[%emt 0:00:09]} 14. Bd3 {[%emt 0:04:01]} c5 {[%emt 0:04:51]} 15. Rae1 {[%emt 0:04:59]} Qf6 {[%emt 0:01:49]} 16. f4 {[%emt 0:07:39]} Qg7 {[%emt 0:09:20]} 17. Qh3 {[%emt 0:07:50]} Rfe8 {[%emt 0:17:08]} 18. Re3 {[%emt 0:23:36]} Re7 {[%emt 0:08:37]} 19. Rfe1 {[%emt 0:00:30]} Rae8 {[%emt 0:01:15]} 20. Qg3 {[%emt 0:01:21]} Kf8 {[%emt 0:03:22]} 21. h3 {[%emt 0:05:15]} Bc6 {[%emt 0:01:24]} 22. Kh2 {[%emt 0:00:57]} a6 {[%emt 0:04:20]} 23. Nd5 {[%emt 0:06:00]} Bxd5 24. cxd5 {[%emt 0:00:06]} Rd8 {[%emt 0:03:00]} 25. e5 {[%emt 0:04:01]} c4 {[%emt 0:03:36]} 26. exd6 {[%emt 0:03:30]} Red7 {[%emt 0:00:10]} 27. Re7 {[%emt 0:02:38]} cxd3 {[%emt 0:02:40]} 28. Qe3 {[%emt 0:01:41]} Qf6 {[%emt 0:01:40]} 29. Rxd7 {[%emt 0:00:21]} Rxd7 {[%emt 0:00:04]} 30. Qe8+ {[%emt 0:00:07]} Kg7 {[%emt 0:00:04]} 31. Qxd7 {[%emt 0:00:05]} Qxf4+ {[%emt 0:00:13]} 32. Kh1 {[%emt 0:00:18]} d2 {[%emt 0:01:59]} 33. Rd1 {[%emt 0:01:15]} Nf3 {[%emt 0:00:39]} 34. gxf3 {[%emt 0:01:31]} Qxf3+ {[%emt 0:00:05]} 35. Kh2 {[%emt 0:00:05]} Qf2+ {[%emt 0:00:21]} 36. Kh1 {[%emt 0:00:06]} Qf3+ {[%emt 0:00:03]} 37. Kh2 {[%emt 0:00:05]} Qe2+ {[%emt 0:00:04]} 0-1

[Event "CZE Extraliga 2019-20"]
[Site "Czech Republic"]
[Date "2019.10.12"]
[Round "1.4"]
[White "Szotkowski, Jakub"]
[Black "Votava, Jan"]
[Result "0-1"]
[WhiteElo "2388"]
[BlackElo "2521"]
[Annotator "ChessBase"]
[PlyCount "106"]
[EventDate "2019.09.15"]
[EventType "team-tourn"]
[EventCountry "CZE"]
[SourceTitle "playchess.com"]
[Source "ChessBase"]
[SourceQuality "1"]
[BlackTeam "Pardubice"]
[TimeControl "40/5400+30:1800+30"]

1. d4 {[%emt 0:00:00]} Nf6 {[%emt 0:00:00]} 2. c4 {[%emt 0:00:00]} g6 {[%emt 0:00:00]} 3. g3 {[%emt 0:00:07]} c6 {[%emt 0:00:08]} 4. Bg2 {[%emt 0:00:36]} d5 {[%emt 0:00:04]} 5. Nf3 {[%emt 0:00:53]} Bg7 {[%emt 0:00:03]} 6. O-O {[%emt 0:00:21]} O-O {[%emt 0:00:04]} 7. b3 {[%emt 0:01:15]} b6 {[%emt 0:07:01]} 8. Ne5 {[%emt 0:08:19]} Bb7 {[%emt 0:08:56]} 9. Bb2 {[%emt 0:01:36]} Nbd7 {[%emt 0:03:15]} 10. Nd2 {[%emt 0:03:20]} e6 {[%emt 0:08:59]} 11. Rc1 {[%emt 0:06:49]} Rc8 {[%emt 0:17:27]} 12. Rc2 {[%emt 0:17:00]} Re8 {[%emt 0:09:19]} 13. Qa1 {[%emt 0:10:07]} Nxe5 {[%emt 0:15:32]} 14. dxe5 {[%emt 0:00:04]} Nd7 {[%emt 0:00:14]} 15. Rd1 {[%emt 0:10:38]} Qe7 {[%emt 0:10:01]} 16. e3 {[%emt 0:11:48]} f6 {[%emt 0:05:53]} 17. Nf3 {[%emt 0:03:00]} f5 {[%emt 0:03:41]} 18. h4 {[%emt 0:03:05]} h6 {[%emt 0:01:40]} 19. Ne1 {[%emt 0:03:10]} g5 {[%emt 0:01:26]} 20. hxg5 {[%emt 0:01:35]} hxg5 {[%emt 0:00:05]} 21. Nd3 {[%emt 0:01:28]} Nf8 {[%emt 0:02:17]} 22. c5 {[%emt 0:08:56]} Nd7 {[%emt 0:01:30]} 23. Bd4 {[%emt 0:01:56]} Ba6 {[%emt 0:00:37]} 24. b4 {[%emt 0:02:22]} Bb5 {[%emt 0:01:48]} 25. a4 {[%emt 0:02:30]} Bc4 {[%emt 0:00:05]} 26. Qc3 {[%emt 0:00:12]} b5 {[%emt 0:02:03]} 27. Nb2 {[%emt 0:00:38]} g4 {[%emt 0:00:29]} 28. Nxc4 {[%emt 0:01:25]} bxc4 {[%emt 0:00:03]} 29. Kf1 {[%emt 0:00:31]} a5 {[%emt 0:00:52]} 30. bxa5 {[%emt 0:00:47]} Nxc5 {[%emt 0:00:11]} 31. Bxc5 {[%emt 0:00:28]} Qxc5 {[%emt 0:00:04]} 32. Rb1 {[%emt 0:00:10]} Ra8 {[%emt 0:00:42]} 33. Rb6 {[%emt 0:00:53]} Qxa5 {[%emt 0:01:14]} 34. Qxa5 {[%emt 0:00:14]} Rxa5 {[%emt 0:00:01]} 35. Rxc6 {[%emt 0:00:09]} Rxa4 {[%emt 0:00:42]} 36. f4 {[%emt 0:00:32]} gxf3 {[%emt 0:00:31]} 37. Bxf3 {[%emt 0:00:05]} Bxe5 {[%emt 0:00:44]} 38. g4 {[%emt 0:00:05]} Ra1+ {[%emt 0:00:41]} 39. Kg2 {[%emt 0:00:51]} f4 {[%emt 0:00:30]} 40. e4 {[%emt 0:01:34]} dxe4 {[%emt 0:00:30]} 41. Bxe4 {[%emt 0:30:26]} c3 {[%emt 0:04:57]} 42. g5 {[%emt 0:00:00]} Re1 {[%emt 0:06:05]} 43. Bg6 {[%emt 0:00:00]} Re7 {[%emt 0:03:47]} 44. Kf2 {[%emt 0:00:00]} Re3 {[%emt 0:02:46]} 45. Re2 {[%emt 0:00:00]} Kg7 {[%emt 0:10:46]} 46. Bc2 {[%emt 0:00:00]} Bd4 {[%emt 0:00:24]} 47. Rxe3 {[%emt 0:00:00]} fxe3+ {[%emt 0:00:42]} 48. Ke2 {[%emt 0:00:00]} Rf7 {[%emt 0:00:31]} 49. Rxe6 {[%emt 0:00:00]} Rf2+ {[%emt 0:00:13]} 50. Kd3 {[%emt 0:00:00]} Rd2+ {[%emt 0:00:18]} 51. Kc4 {[%emt 0:00:00]} e2 {[%emt 0:02:42]} 52. g6 {[%emt 0:02:17]} Bf6 {[%emt 0:00:32]} 53. Bd3 {[%emt 0:00:31]} Bh4 {[%emt 0:01:09]} 0-1

[Event "CZE Extraliga 2019-20"]
[Site "Czech Republic"]
[Date "2019.10.12"]
[Round "1.5"]
[White "Pechac, Jergus"]
[Black "Jasny, Stanislav"]
[Result "1-0"]
[WhiteElo "2491"]
[BlackElo "2326"]
[Annotator "ChessBase"]
[PlyCount "81"]
[EventDate "2019.09.15"]
[EventType "team-tourn"]
[EventCountry "CZE"]
[SourceTitle "playchess.com"]
[Source "ChessBase"]
[SourceQuality "1"]
[WhiteTeam "Pardubice"]
[TimeControl "40/5400+30:1800+30"]

1. d4 {[%emt 0:00:00]} g6 {[%emt 0:00:00]} 2. e4 {[%emt 0:00:21]} Bg7 {[%emt 0:00:00]} 3. Nc3 {[%emt 0:00:15]} d6 {[%emt 0:00:06]} 4. Be3 {[%emt 0:00:17]} a6 {[%emt 0:00:33]} 5. Qd2 {[%emt 0:00:23]} b5 {[%emt 0:00:28]} 6. f3 {[%emt 0:00:16]} Nd7 {[%emt 0:00:44]} 7. h4 {[%emt 0:00:13]} Ngf6 {[%emt 0:11:25]} 8. O-O-O {[%emt 0:01:40]} Nb6 {[%emt 0:02:54]} 9. Bh6 {[%emt 0:01:45]} Bxh6 {[%emt 0:01:17]} 10. Qxh6 {[%emt 0:00:06]} b4 {[%emt 0:00:42]} 11. Nce2 {[%emt 0:05:12]} e6 {[%emt 0:07:38]} 12. g4 {[%emt 0:04:12]} Qe7 {[%emt 0:04:29]} 13. h5 {[%emt 0:00:48]} Bb7 {[%emt 0:07:56]} 14. hxg6 {[%emt 0:05:57]} fxg6 {[%emt 0:00:09]} 15. Nf4 {[%emt 0:05:43]} O-O-O {[%emt 0:05:41]} 16. g5 {[%emt 0:00:37]} Nfd7 {[%emt 0:01:18]} 17. Bh3 {[%emt 0:01:52]} e5 {[%emt 0:04:25]} 18. Ne6 {[%emt 0:01:16]} Rdg8 {[%emt 0:02:25]} 19. Ne2 {[%emt 0:11:46]} Kb8 {[%emt 0:00:23]} 20. d5 {[%emt 0:03:24]} c6 {[%emt 0:08:43]} 21. dxc6 {[%emt 0:07:42]} Bxc6 {[%emt 0:00:08]} 22. Qh4 {[%emt 0:00:10]} Nf8 {[%emt 0:04:35]} 23. Qg4 {[%emt 0:05:07]} Bd7 {[%emt 0:16:14]} 24. Qg1 {[%emt 0:01:35]} Kb7 {[%emt 0:00:07]} 25. Nxf8 {[%emt 0:02:07]} Rxf8 {[%emt 0:00:46]} 26. Bxd7 {[%emt 0:01:03]} Qxd7 {[%emt 0:00:34]} 27. f4 {[%emt 0:02:54]} Qe6 {[%emt 0:02:15]} 28. Kb1 {[%emt 0:03:54]} exf4 {[%emt 0:00:42]} 29. Nd4 {[%emt 0:00:39]} Qe5 {[%emt 0:01:54]} 30. Qe1 {[%emt 0:05:10]} a5 {[%emt 0:06:40]} 31. Nf3 {[%emt 0:00:07]} Qc5 {[%emt 0:00:44]} 32. e5 {[%emt 0:00:10]} d5 {[%emt 0:03:07]} 33. Nd4 {[%emt 0:00:07]} Re8 {[%emt 0:01:03]} 34. Qf1 {[%emt 0:01:10]} Nc4 {[%emt 0:03:24]} 35. Nb3 {[%emt 0:01:08]} Qc6 {[%emt 0:01:42]} 36. Qxf4 {[%emt 0:00:14]} Rxe5 {[%emt 0:00:22]} 37. Nxa5+ {[%emt 0:00:32]} Nxa5 {[%emt 0:00:26]} 38. Qxe5 {[%emt 0:00:05]} Re8 {[%emt 0:00:31]} 39. Rxh7+ {[%emt 0:00:17]} Kb6 {[%emt 0:00:22]} 40. Qd4+ {[%emt 0:00:13]} Qc5 {[%emt 0:00:17]} 41. Qf6+ {[%emt 0:32:28]} 1-0

[Event "CZE Extraliga 2019-20"]
[Site "Czech Republic"]
[Date "2019.10.12"]
[Round "1.5"]
[White "Nayhebaver, Martin"]
[Black "Voloshin, Leonid"]
[Result "1/2-1/2"]
[WhiteElo "2481"]
[BlackElo "2361"]
[Annotator "TA"]
[PlyCount "119"]
[EventDate "2019.09.15"]
[EventType "team-tourn"]
[EventCountry "CZE"]
[SourceTitle "playchess.com"]
[Source "ChessBase"]
[SourceQuality "1"]

{[%evp 11,119,12,28,27,17,18,47,-4,31,0,5,0,2,0,10,10,9,3,33,31,58,23,52,30,53,43,44,51,92,75,76,62,66,55,68,53,77,68,66,75,62,71,70,58,84,89,79,91,85,91,87,97,77,2,4,6,10,9,9,7,26,8,18,5,7,0,0,0,0,0,81,88,83,31,35,31,31,22,66,70,138,109,162,158,165,157,153,158,130,93,118,109,118,98,110,72,229,204,221,204,186,100,344,71,158,158,181,37,29,9]} 1. e4 e5 2. Nf3 Nf6 3. Nxe5 d6 4. Nf3 Nxe4 5. c4 Be7 6. d4 d5 7. Nc3 {C42: Petroff Defence: 3 Nxe5 and unusual White 3rd moves} Nxc3 8. bxc3 O-O (8... Be6 9. cxd5 Bxd5 10. Bd3 O-O 11. O-O Bf6 12. Be3 Re8 13. Rb1 b6 14. c4 Bb7 {½-½ (39) Ponkratov,P (2605)-Kuzubov,Y (2695) Amol 2018}) 9. Be2 (9. cxd5 $14 Qxd5 10. Bd3) 9... c6 10. Rb1 $146 ({Predecessor:} 10. O-O Nd7 11. a4 dxc4 12. Bxc4 Nb6 13. Bb3 a5 14. Qd3 Nd5 {½-½ (67) Romanova,E (2131)-Goreskul,A (2162) Dnipropetrovsk 2000}) 10... b6 11. O-O Bf5 12. Ra1 Nd7 13. cxd5 cxd5 14. Bf4 Qc8 15. Qb3 Be6 16. Rfc1 Qb7 17. a4 a6 18. Ng5 Bxg5 $1 19. Bxg5 Qc6 20. Bf4 Bf5 21. c4 dxc4 22. Bxc4 Qf6 23. Qb4 Be6 24. Bd6 Rfe8 25. d5 Bf5 26. Bc7 Re4 {Strongly threatening ...Rc8.} 27. Qb3 Rae8 28. h3 ({Not} 28. Bxa6 Nc5 $17) 28... Rc8 29. d6 Be6 30. Bxe6 Qxe6 31. Qxe6 fxe6 32. Re1 (32. a5 $16 b5 33. Rc6) 32... Rxe1+ $11 33. Rxe1 {[%mdl 4096] Endgame KRB-KRN} Kf7 34. f4 e5 35. fxe5 {e6+ is the strong threat.} Re8 36. Rf1+ Ke6 37. Rb1 Rf8 38. Bxb6 Rb8 $1 {[%cal Rb8b6]} 39. a5 Kxe5 40. Rd1 Ke6 (40... Nxb6 $11 41. axb6 Ke6) 41. Bc7 $1 $16 Rb5 42. Rc1 (42. Kh2 $16) 42... Ne5 $14 43. Re1 Kd7 44. Rf1 Ke8 45. Rf5 {Hoping for Rxe5+!} Rb1+ (45... Kd7 $14) 46. Kh2 $16 Nc6 (46... Nd7 $16 {was called for.}) 47. Rh5 h6 48. Rc5 Kd7 49. Rf5 $1 Ke8 50. Kg3 Rb4 51. h4 Re4 52. Rf4 Re3+ 53. Kf2 Rd3 $2 (53... Re6 $16) 54. Re4+ $18 Kf7 55. Rc4 Nd4 {[#]} 56. Rb4 (56. Rc5 $1 $18 {[%cal Rc5d5] aiming for Rd5.} Ne6 57. Rc6) 56... Nb5 $2 (56... Nc6 $16 57. Rc4 Ne5 58. Rf4+ Kg8) 57. Rf4+ $2 (57. Ke2 $18 Rd4 58. Rxd4 Nxd4+ 59. Kd3) 57... Kg8 (57... Ke6 $142) 58. Ke2 $16 Rd5 {[#]} 59. Rc4 ({White has to play} 59. Rb4 $1 $18 {[%cal Rb4b5] Threatens to win with Rxb5!} Nxd6 60. Bxd6 Rxd6 61. Rb6) 59... Nxd6 60. Bxd6 {Accuracy: White = 49%, Black = 44%.} 1/2-1/2

[Event "CZE Extraliga 2019-20"]
[Site "Czech Republic"]
[Date "2019.10.12"]
[Round "1.5"]
[White "Jaracz, Pawel"]
[Black "Rubes, Jan"]
[Result "1/2-1/2"]
[WhiteElo "2465"]
[BlackElo "2363"]
[Annotator "ChessBase"]
[PlyCount "59"]
[EventDate "2019.09.15"]
[EventType "team-tourn"]
[EventCountry "CZE"]
[SourceTitle "playchess.com"]
[Source "ChessBase"]
[SourceQuality "1"]
[WhiteTeam "Turnov"]
[BlackTeam "Kromeriz"]
[TimeControl "40/5400+30:1800+30"]

1. d4 {[%emt 0:00:00]} Nf6 {[%emt 0:00:00]} 2. c4 {[%emt 0:00:00]} e6 {[%emt 0:00:00]} 3. Nf3 {[%emt 0:00:37]} c5 {[%emt 0:00:05]} 4. d5 {[%emt 0:00:39]} exd5 {[%emt 0:00:06]} 5. cxd5 {[%emt 0:00:04]} d6 {[%emt 0:00:06]} 6. Nc3 {[%emt 0:00:22]} g6 {[%emt 0:00:07]} 7. Bf4 {[%emt 0:01:27]} a6 {[%emt 0:00:05]} 8. a4 {[%emt 0:00:48]} Bg7 {[%emt 0:00:05]} 9. e3 {[%emt 0:01:39]} O-O {[%emt 0:00:11]} 10. h3 {[%emt 0:00:24]} Ne8 {[%emt 0:00:06]} 11. Be2 {[%emt 0:00:23]} Nd7 {[%emt 0:00:05]} 12. O-O {[%emt 0:00:10]} Qe7 {[%emt 0:00:38]} 13. Qc2 {[%emt 0:03:22]} f5 {[%emt 0:00:06]} 14. a5 {[%emt 0:04:21]} Rb8 {[%emt 0:05:11]} 15. Rfe1 {[%emt 0:04:14]} h6 {[%emt 0:14:42]} 16. Nd2 {[%emt 0:03:56]} g5 {[%emt 0:10:50]} 17. Bh2 {[%emt 0:00:13]} Kh8 {[%emt 0:12:29]} 18. Kh1 {[%emt 0:06:57]} g4 {[%emt 0:06:57]} 19. Nc4 {[%emt 0:18:07]} Ne5 {[%emt 0:07:37]} 20. Nb6 {[%emt 0:18:10]} Nc7 {[%emt 0:09:11]} 21. Bf4 {[%emt 0:05:26]} Bd7 {[%emt 0:04:10]} 22. Nxd7 {[%emt 0:01:31]} Qxd7 {[%emt 0:00:07]} 23. Ra4 {[%emt 0:06:28]} gxh3 {[%emt 0:04:26]} 24. gxh3 {[%emt 0:00:18]} b5 {[%emt 0:00:14]} 25. axb6 {[%emt 0:00:16]} Rxb6 {[%emt 0:00:04]} 26. Rg1 {[%emt 0:03:06]} Rb4 {[%emt 0:01:36]} 27. Ra2 {[%emt 0:04:40]} Qf7 {[%emt 0:03:15]} 28. Qd2 {[%emt 0:00:56]} Rfb8 {[%emt 0:03:28]} 29. Rg3 {[%emt 0:00:38]} Qf6 {[%emt 0:03:33]} 30. Rg2 {[%emt 0:01:49]} 1/2-1/2

[Event "CZE Extraliga 2019-20"]
[Site "Czech Republic"]
[Date "2019.10.12"]
[Round "1.5"]
[White "Chytilek, Roman"]
[Black "UNI6 Rydl Jiri FM"]
[Result "1/2-1/2"]
[WhiteElo "2330"]
[BlackElo "2422"]
[Annotator "NA"]
[PlyCount "101"]
[EventDate "2019.09.15"]
[EventType "team-tourn"]
[EventCountry "CZE"]
[SourceTitle "playchess.com"]
[Source "ChessBase"]
[SourceQuality "1"]
[WhiteTeam "Duras"]
[TimeControl "40/5400+30:1800+30"]

1. e4 {[%emt 0:00:00]} e6 {[%emt 0:00:00]} 2. d4 {[%emt 0:00:00]} d5 {[%emt 0:00:01]} 3. Nd2 {[%emt 0:00:00]} dxe4 {[%emt 0:00:58]} 4. Nxe4 {[%emt 0:00:06]} Nd7 {[%emt 0:00:12]} 5. g3 {[%emt 0:00:17]} b6 {[%emt 0:00:33]} 6. Bg2 {[%emt 0:01:55]} Rb8 {[%emt 0:00:17]} 7. Nc3 {[%emt 0:09:52]} Ngf6 {[%emt 0:04:56]} 8. Nb5 {[%emt 0:17:17]} Bb7 {[%emt 0:01:17]} 9. Bxb7 {[%emt 0:08:42]} Rxb7 {[%emt 0:00:09]} 10. Qf3 {[%emt 0:00:11]} Qc8 {[%emt 0:00:23]} 11. Ne2 {[%emt 0:08:09]} c6 {[%emt 0:02:36]} 12. Nbc3 {[%emt 0:00:11]} Be7 {[%emt 0:00:14]} 13. O-O {[%emt 0:00:57]} O-O {[%emt 0:00:16]} 14. a4 {[%emt 0:02:17]} h6 {[%emt 0:06:03]} 15. b3 {[%emt 0:12:09]} a6 {[%emt 0:05:08]} 16. Bb2 {[%emt 0:06:06]} b5 {[%emt 0:07:31]} 17. Rfe1 {[%emt 0:02:40]} b4 {[%emt 0:05:41]} 18. Ne4 {[%emt 0:00:54]} Nxe4 {[%emt 0:00:37]} 19. Qxe4 {[%emt 0:00:04]} Nf6 {[%emt 0:00:14]} 20. Qf3 {[%emt 0:01:18]} Nd5 {[%emt 0:01:15]} 21. Nc1 {[%emt 0:14:37]} Rd8 {[%emt 0:16:15]} 22. Nd3 {[%emt 0:00:49]} Nf6 {[%emt 0:01:31]} 23. Rac1 {[%emt 0:02:36]} Rd5 {[%emt 0:02:06]} 24. Nf4 {[%emt 0:02:37]} Rf5 {[%emt 0:06:33]} 25. Re5 {[%emt 0:02:03]} Rxe5 {[%emt 0:09:29]} 26. dxe5 {[%emt 0:00:04]} Nd5 {[%emt 0:00:14]} 27. Nh5 {[%emt 0:00:31]} Bf8 {[%emt 0:00:19]} 28. Re1 {[%emt 0:03:08]} Ne7 {[%emt 0:11:59]} 29. Qg4 {[%emt 0:00:31]} Nf5 {[%emt 0:01:03]} 30. h4 {[%emt 0:01:07]} c5 {[%emt 0:01:30]} 31. Re4 {[%emt 0:02:47]} Kh8 {[%emt 0:01:00]} 32. Nf4 {[%emt 0:00:33]} Rd7 {[%emt 0:06:02]} 33. Nd3 {[%emt 0:00:18]} Ne7 {[%emt 0:00:58]} 34. Rc4 {[%emt 0:00:30]} Nd5 {[%emt 0:00:44]} 35. Bc1 {[%emt 0:01:27]} Nb6 {[%emt 0:01:19]} 36. Rf4 {[%emt 0:00:29]} c4 {[%emt 0:00:53]} 37. bxc4 {[%emt 0:00:21]} Nxa4 {[%emt 0:01:03]} 38. Qh5 {[%emt 0:00:49]} Nc5 {[%emt 0:02:47]} 39. Nxc5 {[%emt 0:00:29]} Bxc5 {[%emt 0:00:19]} 40. Qf3 {[%emt 0:00:33]} Qb7 {[%emt 0:01:34]} 41. Qh5 {[%emt 0:06:28]} Bf8 {[%emt 0:07:23]} 42. Be3 {[%emt 0:10:49]} a5 {[%emt 0:04:09]} 43. c5 {[%emt 0:01:04]} Kg8 {[%emt 0:00:35]} 44. Rc4 {[%emt 0:00:58]} Qc6 {[%emt 0:05:34]} 45. Qg4 {[%emt 0:01:48]} Rd5 {[%emt 0:01:20]} 46. Qe4 {[%emt 0:02:36]} h5 {[%emt 0:04:47]} 47. Kh2 {[%emt 0:02:29]} Be7 {[%emt 0:03:01]} 48. Kh3 {[%emt 0:04:00]} Bd8 {[%emt 0:01:29]} 49. g4 {[%emt 0:01:51]} hxg4+ {[%emt 0:01:18]} 50. Kxg4 {[%emt 0:00:20]} Bc7 {[%emt 0:00:46]} 51. f4 {[%emt 0:00:45]} 1/2-1/2

[Event "CZE Extraliga 2019-20"]
[Site "Czech Republic"]
[Date "2019.10.12"]
[Round "1.6"]
[White "Sahidi, Samir"]
[Black "Obsivac, Josef"]
[Result "1-0"]
[WhiteElo "2374"]
[BlackElo "2285"]
[Annotator "NA"]
[PlyCount "171"]
[EventDate "2019.09.15"]
[EventType "team-tourn"]
[EventCountry "CZE"]
[SourceTitle "playchess.com"]
[Source "ChessBase"]
[SourceQuality "1"]
[TimeControl "40/5400+30:1800+30"]

1. Nf3 {[%emt 0:00:00]} Nf6 {[%emt 0:00:00]} 2. c4 {[%emt 0:00:15]} g6 {[%emt 0:00:00]} 3. g3 {[%emt 0:01:25]} Bg7 {[%emt 0:00:04]} 4. Bg2 {[%emt 0:00:17]} O-O {[%emt 0:00:18]} 5. O-O {[%emt 0:00:27]} d6 {[%emt 0:00:12]} 6. Nc3 {[%emt 0:02:21]} Nc6 {[%emt 0:05:28]} 7. d3 {[%emt 0:08:23]} e5 {[%emt 0:02:21]} 8. Rb1 {[%emt 0:00:14]} h6 {[%emt 0:09:33]} 9. b4 {[%emt 0:03:17]} Be6 {[%emt 0:00:34]} 10. b5 {[%emt 0:16:09]} Ne7 {[%emt 0:00:15]} 11. Bb2 {[%emt 0:01:30]} Ne8 {[%emt 0:33:31]} 12. Ne1 {[%emt 0:06:15]} c6 {[%emt 0:01:40]} 13. Ba3 {[%emt 0:01:10]} f5 {[%emt 0:04:36]} 14. Qb3 {[%emt 0:02:38]} Rf7 {[%emt 0:02:50]} 15. Nc2 {[%emt 0:02:17]} g5 {[%emt 0:00:46]} 16. bxc6 {[%emt 0:01:08]} bxc6 {[%emt 0:00:12]} 17. Rfc1 {[%emt 0:04:21]} Rc8 {[%emt 0:01:56]} 18. Qa4 {[%emt 0:03:32]} e4 {[%emt 0:06:59]} 19. Bb2 {[%emt 0:05:22]} d5 {[%emt 0:03:11]} 20. Rd1 {[%emt 0:06:37]} Qc7 {[%emt 0:07:12]} 21. Qa6 {[%emt 0:03:13]} Nd6 {[%emt 0:04:27]} 22. c5 {[%emt 0:04:21]} Ne8 {[%emt 0:01:58]} 23. dxe4 {[%emt 0:03:30]} fxe4 {[%emt 0:00:40]} 24. Nd4 {[%emt 0:03:50]} Bd7 {[%emt 0:00:04]} 25. e3 {[%emt 0:02:19]} Nf6 {[%emt 0:01:43]} 26. Ba1 {[%emt 0:00:50]} Rcf8 {[%emt 0:05:21]} 27. Rb7 {[%emt 0:04:34]} Qc8 {[%emt 0:00:02]} 28. Qxa7 {[%emt 0:01:01]} Ng6 {[%emt 0:02:25]} 29. Rdb1 {[%emt 0:01:24]} Qe8 {[%emt 0:02:00]} 30. h3 {[%emt 0:03:58]} Ne5 {[%emt 0:00:01]} 31. Rb8 {[%emt 0:01:26]} Bc8 {[%emt 0:00:39]} 32. Qa8 {[%emt 0:00:59]} Nfd7 {[%emt 0:00:22]} 33. R8b2 {[%emt 0:05:20]} Nxc5 {[%emt 0:00:50]} 34. Rc2 {[%emt 0:00:33]} Ncd3 {[%emt 0:00:34]} 35. Nd1 {[%emt 0:00:36]} c5 {[%emt 0:01:25]} 36. Qxd5 {[%emt 0:01:07]} cxd4 {[%emt 0:00:16]} 37. Bxd4 {[%emt 0:00:21]} Bf5 {[%emt 0:01:20]} 38. g4 {[%emt 0:00:50]} Bg6 {[%emt 0:00:14]} 39. Rb6 {[%emt 0:00:33]} Bh7 {[%emt 0:01:09]} 40. Nc3 {[%emt 0:00:43]} Ne1 {[%emt 0:00:42]} 41. Re6 {[%emt 0:12:05]} N5f3+ {[%emt 0:04:54]} 42. Bxf3 {[%emt 0:01:19]} Nxf3+ {[%emt 0:00:28]} 43. Kf1 {[%emt 0:00:29]} Qb8 {[%emt 0:02:53]} 44. Bxg7 {[%emt 0:03:06]} Kxg7 {[%emt 0:00:47]} 45. Rd6 {[%emt 0:01:53]} Rf6 {[%emt 0:06:10]} 46. Rxf6 {[%emt 0:04:08]} Rxf6 {[%emt 0:00:03]} 47. Nb5 {[%emt 0:00:56]} Rf7 {[%emt 0:00:42]} 48. Ke2 {[%emt 0:02:08]} Qe5 {[%emt 0:11:06]} 49. Qxe5+ {[%emt 0:01:59]} Nxe5 {[%emt 0:00:02]} 50. a4 {[%emt 0:00:44]} Nd3 {[%emt 0:02:41]} 51. Kf1 {[%emt 0:00:08]} Rb7 {[%emt 0:01:43]} 52. Rc8 {[%emt 0:01:32]} Bg6 {[%emt 0:02:43]} 53. Kg1 {[%emt 0:01:14]} Bf7 {[%emt 0:00:12]} 54. Rd8 {[%emt 0:02:02]} Ne5 {[%emt 0:00:44]} 55. Kg2 {[%emt 0:01:33]} Rd7 {[%emt 0:00:26]} 56. Rb8 {[%emt 0:01:43]} Nf3 {[%emt 0:02:02]} 57. Nc3 {[%emt 0:00:34]} Ra7 {[%emt 0:01:06]} 58. Rb4 {[%emt 0:00:35]} Be8 {[%emt 0:00:19]} 59. Nxe4 {[%emt 0:01:01]} Nh4+ {[%emt 0:00:28]} 60. Kg3 {[%emt 0:00:12]} Bxa4 {[%emt 0:00:23]} 61. f4 {[%emt 0:00:42]} Bc6 {[%emt 0:00:50]} 62. fxg5 {[%emt 0:00:18]} hxg5 {[%emt 0:00:20]} 63. Nxg5 {[%emt 0:00:06]} Ng6 {[%emt 0:00:19]} 64. Ne6+ {[%emt 0:00:31]} Kf6 {[%emt 0:00:25]} 65. Nd4 {[%emt 0:00:25]} Bd5 {[%emt 0:01:15]} 66. Rb6+ {[%emt 0:00:12]} Kf7 {[%emt 0:00:19]} 67. Rb5 {[%emt 0:01:32]} Ba8 {[%emt 0:00:58]} 68. Rf5+ {[%emt 0:00:41]} Kg8 {[%emt 0:01:07]} 69. Rc5 {[%emt 0:00:41]} Ra2 {[%emt 0:00:13]} 70. h4 {[%emt 0:00:23]} Kf7 {[%emt 0:00:48]} 71. h5 {[%emt 0:00:10]} Ne7 {[%emt 0:00:02]} 72. Re5 {[%emt 0:00:51]} Nd5 {[%emt 0:00:40]} 73. g5 {[%emt 0:00:40]} Nc3 {[%emt 0:00:08]} 74. Rf5+ {[%emt 0:00:09]} Ke7 {[%emt 0:00:20]} 75. g6 {[%emt 0:00:42]} Rg2+ {[%emt 0:00:10]} 76. Kf4 {[%emt 0:00:38]} Nd5+ {[%emt 0:01:25]} 77. Ke5 {[%emt 0:00:03]} Nxe3 {[%emt 0:00:18]} 78. Rf7+ {[%emt 0:00:04]} Ke8 {[%emt 0:00:14]} 79. Kf6 {[%emt 0:00:31]} Ng4+ {[%emt 0:01:10]} 80. Kg7 {[%emt 0:00:09]} Be4 {[%emt 0:00:36]} 81. Ne6 {[%emt 0:01:39]} Ne5 {[%emt 0:00:25]} 82. Rf8+ {[%emt 0:00:23]} Ke7 {[%emt 0:00:02]} 83. Nf4 {[%emt 0:00:12]} Rg4 {[%emt 0:00:33]} 84. Rf6 {[%emt 0:00:30]} Nxg6 {[%emt 0:01:04]} 85. Nxg6+ {[%emt 0:00:31]} Kd8 {[%emt 0:00:33]} 86. h6 {[%emt 0:00:08]} 1-0

[Event "CZE Extraliga 2019-20"]
[Site "Czech Republic"]
[Date "2019.10.12"]
[Round "1.6"]
[White "Jurcik, Martin"]
[Black "Vyskocil, Neklan"]
[Result "1/2-1/2"]
[WhiteElo "2360"]
[BlackElo "2295"]
[Annotator "NA"]
[PlyCount "33"]
[EventDate "2019.09.15"]
[EventType "team-tourn"]
[EventCountry "CZE"]
[SourceTitle "playchess.com"]
[Source "ChessBase"]
[SourceQuality "1"]
[BlackTeam "Duras"]
[TimeControl "40/5400+30:1800+30"]

1. Nf3 {[%emt 0:00:00]} g6 {[%emt 0:00:21]} 2. e4 {[%emt 0:06:53]} Bg7 {[%emt 0:01:04]} 3. d4 {[%emt 0:00:28]} d6 {[%emt 0:00:19]} 4. Bc4 {[%emt 0:00:39]} Nf6 {[%emt 0:00:24]} 5. Qe2 {[%emt 0:02:06]} c6 {[%emt 0:00:51]} 6. Bb3 {[%emt 0:02:21]} O-O {[%emt 0:04:22]} 7. O-O {[%emt 0:03:05]} Na6 {[%emt 0:08:17]} 8. h3 {[%emt 0:03:19]} d5 {[%emt 0:05:43]} 9. Nc3 {[%emt 0:21:02]} e6 {[%emt 0:08:15]} 10. e5 {[%emt 0:08:39]} Nd7 {[%emt 0:01:18]} 11. Bg5 {[%emt 0:08:58]} Qe8 {[%emt 0:06:05]} 12. Nd1 {[%emt 0:08:37]} f6 {[%emt 0:09:09]} 13. exf6 {[%emt 0:04:24]} Nxf6 {[%emt 0:00:10]} 14. Nc3 {[%emt 0:12:26]} Nh5 {[%emt 0:03:38]} 15. Qe3 {[%emt 0:01:32]} Qf7 {[%emt 0:05:16]} 16. Ne2 {[%emt 0:04:36]} Nc7 {[%emt 0:05:20]} 17. Bh6 {[%emt 0:03:25]} 1/2-1/2